000 00619nam a2200205 4500
999 _c163853
_d163853
005 20190502114503.0
010 _aB-127834
020 _a8178293722
037 _bDBAD/PUB
082 _a324.254
100 _aThakurta,Paranjoy Guha
245 _aA Time of Coalitions:
_bDivided we stand/
_cby Paranjoy Guha Thakurta
260 _aNew Delhi
_bSAGE Publications
_c2004
270 _aB-42,Panchsheel Enclave,
_bNew Delhi
_e110017
300 _a413p.
_c22cms(hbk)
500 _aIt includes index
700 _aRaghuraman, Shankar
942 _2ddc
_cEN
_h324.254
_mTHA